LEADER 01206nam a2200265 u 4500 001 000000114496 003 CaOOAMICUS 005 20090209105107.0 008 090209s2009 it bd u000 u ita r 020 $z978-88-311-0162-2* 040 $aPUL$bita$dLDB 100 1 $aBecchetti, Leonardo.$0(OLS)http://pul/name/70700 245 10$aOltre l'homo oeconomicus :$bfelicità, responsabilità, economia delle relazioni /$cLeonardo Becchetti. 260 $aRoma :$bCittà Nuova,$cc2009. 300 $a262 p. :$bc. geogr., graf. ;$c20 cm 490 1 $aIdee.$aEconomia ;$v05 504 $aInclude riferimenti bibliografici. 650 4$aEconomia e società.$0(OLS)http://pul/subject/6910 830 0$aIdee.$pEconomia ;$v05.$0(OLS)http://pul/title/143884 850 $aPUL 852 $aPUL$W1$xSL Diritto e Scienze Sociali 3$y79$m306. 3 BECAN 1$j130838$qDDC 21$B129906$CPULBib$Z2$F129906 $H109492 $82 941 1 $a9 996 $6020$z978-88-311-0162-2*$9(OLS)http://pul/number/139632 996 $6245$aOltre l'homo oeconomicus :$bfelicità, responsabilità, economia delle relazioni$9(OLS)http://pul/title/143883 996 $6260$aRoma :$bCittà Nuova$9(OLS)http://pul/publisher/47927 LEADER 01046nam a2200241 u 4500 001 000000106482 003 CaOOAMICUS 005 20070827122556.0 008 070827s1966 it u000 u ita u 040 $aPUL$bita$dLDB 100 1 $aGentili, Elio.$0(OLS)http://pul/name/65389 245 10$aBibliografia galileiana fra i due centenari (1942-1964) /$cElio Gentili. 260 $aVenegono Inferiore :$bLa Scuola Cattolica,$cc1966. 300 $a131 p. ;$c26 cm 490 1 $aHildephonsiana ;$v08 500 $aIndici: p. [113]-131. 600 14$aGalilei, Galileo,$d1564-1642$xBibliografia.$0(OLS)http://pul/subject/33493 830 0$aHildephonsiana ;$v08.$0(OLS)http://pul/title/21985 850 $aPUL 852 $aPUL$W1$xSL Filosofia 1$y2$m95 F 26$j120204$qStampati$B119617$CPULBib$Z2$F119617 $H27173 $82 941 1 $a8 996 $6245$aBibliografia galileiana fra i due centenari (1942-1964)$9(OLS)http://pul/title/134102 996 $6260$aVenegono Inferiore :$bLa Scuola Cattolica$9(OLS)http://pul/publisher/56961